000 00884nam a2200253Ia 4500
003 OSt
005 20220925223947.0
006 a|||||r|||| 00| 0
007 ta
008 220923b |||||||| |||| 00| 0 eng d
020 _a9781138805194
_c2249.35
037 _b50022, 22/04/2017, Segment Book Distributors
_cGeneral Book
040 _aRTL
_cRTL
_beng
041 _2eng
_aeng
082 _aX:9, Q6
100 _aWAPSHOTT Robert
_9290582
245 0 _aManaging human resources in small and medium-sized enterprises
_b Entrepreneurship and the employment relationship
260 _aLondon
_bRoutledge
_c2016
300 _avi,165p
_ccm.
500 _aBibliography chapterwise
700 _a MALLETT Oliver
_9290583
942 _hX:9, Q6
_cGB
_2CC
999 _c580693
_d580693